Statistics for Guess the Taylor Swift Song (no hints) 131

Click here to take the quiz!

General Stats

  • This quiz has been taken 21 times
  • The average score is 204 of 280

Answer Stats

Answer% Correct
I
100%
"I
100%
a
95%
the
95%
you"
95%
you
95%
And
90%
and
90%
first
90%
me
90%
we
90%
We
90%
when
90%
your
90%
every
86%
my
86%
on
86%
time
86%
were
86%
where
86%
don't
81%
For
81%
for
81%
in
81%
It
81%
it
81%
just
81%
of
81%
off
81%
to
81%
all
76%
been
76%
But
76%
day
76%
If
76%
like
76%
Like
76%
Never
76%
see
76%
that
76%
Back
71%
'Cause
71%
down
71%
go
71%
I'm
71%
know
71%
there
71%
this
71%
took
71%
Took
71%
Was
71%
was
71%
with
71%
away
67%
face
67%
got
67%
ground
67%
holy
67%
how
67%
looking
67%
made
67%
not
67%
other
67%
right
67%
stood
67%
think
67%
wanna
67%
crowd
62%
dance
62%
dancing
62%
darling,
62%
faster
62%
gonna
62%
good
62%
had
62%
New
62%
now
62%
room
62%
than
62%
way
62%
we've
62%
York
62%
about
57%
alone,
57%
apart
57%
guess
57%
light,
57%
Lord,
57%
note
57%
perfect
57%
reminiscing
57%
something
57%
sometimes
57%
through
57%
usual
57%
already
52%
coffee
52%
conversation
52%
door
52%
dust
52%
fell
52%
green
52%
joke
52%
lose
52%
need
52%
ourselves
52%
page
52%
poems
52%
Tonight
52%
Tonight,
52%
we'd
52%
wonder
52%
Yeah,
52%
big
48%
blocked
48%
brand-new
48%
city
48%
dress
48%
fit
48%
girl
48%
having
48%
left
48%
noise
48%
rhyme
48%
skip
48%
sound
48%
Spinning
48%
story's
48%
wide
48%
feeling
43%
glance
43%
While
43%

Score Distribution

Percentile by Number Answered

Percent of People with Each Score

Your Score History

You have not taken this quiz